000 00454nam a2200121Ia 4500
008 220620s9999||||xx |||||||||||||| ||und||
100 _aMargarita Stoytcheva
245 0 _aPesticides in the Modern World - Risks and Benefits
546 _aEnglish[eng]
650 _aLife Sciences||Plant Biology||Agricultural and Biological Sciences||Pestology
856 _uhttps://www.intechopen.com/books/pesticides-in-the-modern-world-risks-and-benefits
942 _cEB
999 _c27759
_d27759